Sports Quiz

Random Sports or Europe Quiz

French Soccer Players Quiz Stats

 Plays Quiz Updated Jan 10, 2018

Score 0/20 Timer 05:00
19 Plays Today
Hint Answer % Correct
Zinedine Zidane
98.5%
Thierry Henry
96.7%
Paul Pogba
94.6%
Franck Ribéry
94.4%
Karim Benzema
89.6%
Patrice Evra
88.6%
Antoine Griezmann
85.5%
Eric Cantona
80.8%
Patrick Vieira
75%
Michel Platini
74.9%
Hint Answer % Correct
Emmanuel Petit
74.1%
Marcel Desailly
71%
Fabien Barthez
70.6%
Didier Deschamps
70.5%
Laurent Blanc
70.1%
Lilian Thuram
57.6%
Jean-Pierre Papin
35.6%
Just Fontaine
32.9%
Jean Tigana
27.4%
Raymond Kopa
19%

You're not logged in!

Compare scores with friends on all Sporcle quizzes.
OR
Log In

Show Comments

Extras

Top Quizzes Today


Score Distribution

Your Account Isn't Verified!

In order to create a playlist on Sporcle, you need to verify the email address you used during registration. Go to your Sporcle Settings to finish the process.

Report this User

Report this user for behavior that violates our Community Guidelines.

Details: